<?xml version="1.0" encoding="UTF-8"?>
<record
    xmlns:xsi="http://www.w3.org/2001/XMLSchema-instance"
    xsi:schemaLocation="http://www.loc.gov/MARC21/slim http://www.loc.gov/standards/marcxml/schema/MARC21slim.xsd"
    xmlns="http://www.loc.gov/MARC21/slim">

  <leader>01074nam0a2200337   4500</leader>
  <controlfield tag="001">RU\NLR\bibl\1251301</controlfield>
  <controlfield tag="005">20250615123958.0</controlfield>
  <datafield tag="010" ind1=" " ind2=" ">
    <subfield code="a">3027-0041-15</subfield>
    <subfield code="9">300</subfield>
  </datafield>
  <datafield tag="021" ind1=" " ind2=" ">
    <subfield code="a">RU</subfield>
    <subfield code="b">2008-39139</subfield>
    <subfield code="9">2157</subfield>
  </datafield>
  <datafield tag="035" ind1=" " ind2=" ">
    <subfield code="a">(NLR Aleph) 001237386</subfield>
  </datafield>
  <datafield tag="090" ind1=" " ind2=" ">
    <subfield code="a">236909</subfield>
    <subfield code="c">236909</subfield>
  </datafield>
  <datafield tag="100" ind1=" " ind2=" ">
    <subfield code="a">20080710d2007    |||y0rusy50      ca</subfield>
  </datafield>
  <datafield tag="101" ind1="0" ind2=" ">
    <subfield code="a">rus</subfield>
  </datafield>
  <datafield tag="102" ind1=" " ind2=" ">
    <subfield code="a">RU</subfield>
  </datafield>
  <datafield tag="105" ind1=" " ind2=" ">
    <subfield code="a">y   |||||||||</subfield>
  </datafield>
  <datafield tag="200" ind1="1" ind2=" ">
    <subfield code="a">&#x41F;&#x43E; &#x43A;&#x440;&#x430;&#x44E; &#x43E;&#x442;&#x43A;&#x440;&#x43E;&#x432;&#x435;&#x43D;&#x438;&#x439;</subfield>
    <subfield code="e">&#x43A;&#x43D;&#x438;&#x433;&#x430; &#x441;&#x442;&#x438;&#x445;&#x43E;&#x432;</subfield>
    <subfield code="f">&#x421;&#x435;&#x440;&#x433;&#x435;&#x439; &#x421;&#x430;&#x432;&#x438;&#x43A;</subfield>
  </datafield>
  <datafield tag="210" ind1=" " ind2=" ">
    <subfield code="a">&#x41E;&#x440;&#x435;&#x445;&#x43E;&#x432;&#x43E;-&#x417;&#x443;&#x435;&#x432;&#x43E;</subfield>
    <subfield code="c">[&#x431;. &#x438;.]</subfield>
    <subfield code="d">2007</subfield>
  </datafield>
  <datafield tag="215" ind1=" " ind2=" ">
    <subfield code="a">135, [4] &#x441;.</subfield>
    <subfield code="d">19</subfield>
  </datafield>
  <datafield tag="300" ind1=" " ind2=" ">
    <subfield code="a">&#x41D;&#x430; &#x43E;&#x431;&#x43B;. &#x43F;&#x43E;&#x434;&#x437;&#x430;&#x433;.: &#x441;&#x442;&#x438;&#x445;&#x438;</subfield>
  </datafield>
  <datafield tag="320" ind1=" " ind2=" ">
    <subfield code="a">&#x421;&#x43E;&#x434;&#x435;&#x440;&#x436;.: &#x446;&#x438;&#x43A;&#x43B;&#x44B;: &#x428;&#x430;&#x433;&#x43D;&#x443;&#x432;&#x448;&#x438;&#x439; &#x432; &#x43E;&#x441;&#x435;&#x43D;&#x44C;; &#x41C;&#x438;&#x440;&#x430;&#x436;&#x438; &#x43B;&#x44E;&#x431;&#x432;&#x438;; &#x41D;&#x435;&#x434;&#x435;&#x442;&#x441;&#x43A;&#x438;&#x435; &#x441;&#x43A;&#x430;&#x437;&#x43E;&#x447;&#x43A;&#x438;</subfield>
  </datafield>
  <datafield tag="686" ind1=" " ind2=" ">
    <subfield code="a">&#x428;6(2=&#x420;)75-5</subfield>
  </datafield>
  <datafield tag="700" ind1=" " ind2="1">
    <subfield code="a">&#x421;&#x430;&#x432;&#x438;&#x43A;</subfield>
    <subfield code="b">&#x421;.</subfield>
    <subfield code="f">1960-</subfield>
    <subfield code="g">&#x421;&#x435;&#x440;&#x433;&#x435;&#x439;</subfield>
    <subfield code="4">070</subfield>
  </datafield>
  <datafield tag="801" ind1=" " ind2="0">
    <subfield code="a">RU</subfield>
    <subfield code="b">NLR</subfield>
    <subfield code="c">20080710</subfield>
    <subfield code="g">RCR</subfield>
  </datafield>
  <datafield tag="801" ind1=" " ind2="1">
    <subfield code="a">RU</subfield>
    <subfield code="b">NLR</subfield>
    <subfield code="c">20080710</subfield>
  </datafield>
  <datafield tag="830" ind1=" " ind2=" ">
    <subfield code="a">&#x430;&#x432;&#x442;. &#x43F;&#x43E; &#x42D;&#x41A;</subfield>
  </datafield>
  <datafield tag="942" ind1=" " ind2=" ">
    <subfield code="c">BOOK</subfield>
  </datafield>
  <datafield tag="980" ind1=" " ind2=" ">
    <subfield code="a">NB</subfield>
  </datafield>
  <datafield tag="980" ind1=" " ind2=" ">
    <subfield code="a">NBR</subfield>
  </datafield>
  <datafield tag="995" ind1=" " ind2=" ">
    <subfield code="5">2008-07-10</subfield>
    <subfield code="a">ad</subfield>
    <subfield code="b">NLR01</subfield>
    <subfield code="c">NLR01</subfield>
    <subfield code="e">RF9</subfield>
    <subfield code="f">2714356</subfield>
    <subfield code="k">2008-3/20689</subfield>
    <subfield code="o">0</subfield>
    <subfield code="r">BOOK</subfield>
    <subfield code="s">2008320689_</subfield>
  </datafield>
  <datafield tag="995" ind1=" " ind2=" ">
    <subfield code="5">2008-07-10</subfield>
    <subfield code="a">ad</subfield>
    <subfield code="b">NLR01</subfield>
    <subfield code="c">NLR01</subfield>
    <subfield code="e">RF9</subfield>
    <subfield code="f">2714357</subfield>
    <subfield code="k">2008-3/20689</subfield>
    <subfield code="o">0</subfield>
    <subfield code="r">BOOK</subfield>
    <subfield code="s">2008320689_</subfield>
  </datafield>
</record>
